<?xml version="1.0" encoding="UTF-8"?>
<record
    xmlns:xsi="http://www.w3.org/2001/XMLSchema-instance"
    xsi:schemaLocation="http://www.loc.gov/MARC21/slim http://www.loc.gov/standards/marcxml/schema/MARC21slim.xsd"
    xmlns="http://www.loc.gov/MARC21/slim">

  <leader>01026pam a2200337 a 4500</leader>
  <controlfield tag="001">3887427</controlfield>
  <controlfield tag="003">OSt</controlfield>
  <controlfield tag="005">20210219170542.0</controlfield>
  <controlfield tag="008">900816s1991    pau      b    001 0 eng c</controlfield>
  <datafield tag="010" ind1=" " ind2=" ">
    <subfield code="a">   90010260 </subfield>
  </datafield>
  <datafield tag="020" ind1=" " ind2=" ">
    <subfield code="a">087434316X</subfield>
  </datafield>
  <datafield tag="040" ind1=" " ind2=" ">
    <subfield code="a">DNLM/DLC</subfield>
    <subfield code="c">DLC</subfield>
    <subfield code="d">DLC</subfield>
    <subfield code="d">PHNSL</subfield>
  </datafield>
  <datafield tag="050" ind1="0" ind2="0">
    <subfield code="a">RT73</subfield>
    <subfield code="b">.R35 1991</subfield>
  </datafield>
  <datafield tag="060" ind1=" " ind2=" ">
    <subfield code="a">WY 18 R333g</subfield>
  </datafield>
  <datafield tag="082" ind1="0" ind2="0">
    <subfield code="a">610.73/071/1</subfield>
    <subfield code="2">20</subfield>
  </datafield>
  <datafield tag="100" ind1="1" ind2=" ">
    <subfield code="a">Regan, Joan M.</subfield>
  </datafield>
  <datafield tag="245" ind1="1" ind2="0">
    <subfield code="a">Guide to surviving nursing school /</subfield>
    <subfield code="c">Joan M. Regan, Joanne Trekas.</subfield>
  </datafield>
  <datafield tag="260" ind1=" " ind2=" ">
    <subfield code="a">Springhouse, Pa. :</subfield>
    <subfield code="b">Springhouse Corp.,</subfield>
    <subfield code="c">1991.</subfield>
  </datafield>
  <datafield tag="300" ind1=" " ind2=" ">
    <subfield code="a">128 p. ;</subfield>
    <subfield code="c">23 cm.</subfield>
  </datafield>
  <datafield tag="440" ind1=" " ind2="0">
    <subfield code="a">Springhouse notes</subfield>
  </datafield>
  <datafield tag="504" ind1=" " ind2=" ">
    <subfield code="a">Includes bibliographical references and index.</subfield>
  </datafield>
  <datafield tag="650" ind1=" " ind2="0">
    <subfield code="a">Nursing</subfield>
    <subfield code="x">Study and teaching.</subfield>
  </datafield>
  <datafield tag="650" ind1=" " ind2="0">
    <subfield code="a">Nursing students</subfield>
    <subfield code="x">Psychology.</subfield>
  </datafield>
  <datafield tag="650" ind1=" " ind2="2">
    <subfield code="a">Curriculum.</subfield>
  </datafield>
  <datafield tag="650" ind1=" " ind2="2">
    <subfield code="a">Education, Nursing.</subfield>
  </datafield>
  <datafield tag="650" ind1=" " ind2="2">
    <subfield code="a">Students, Nursing</subfield>
    <subfield code="x">psychology.</subfield>
  </datafield>
  <datafield tag="700" ind1="1" ind2=" ">
    <subfield code="a">Trekas, Joanne.</subfield>
  </datafield>
  <datafield tag="906" ind1=" " ind2=" ">
    <subfield code="a">7</subfield>
    <subfield code="b">cbc</subfield>
    <subfield code="c">orignew</subfield>
    <subfield code="d">1</subfield>
    <subfield code="e">ocip</subfield>
    <subfield code="f">19</subfield>
    <subfield code="g">y-gencatlg</subfield>
  </datafield>
  <datafield tag="942" ind1=" " ind2=" ">
    <subfield code="2">lcc</subfield>
    <subfield code="c">BK</subfield>
  </datafield>
  <datafield tag="999" ind1=" " ind2=" ">
    <subfield code="c">474</subfield>
    <subfield code="d">474</subfield>
  </datafield>
  <datafield tag="952" ind1=" " ind2=" ">
    <subfield code="0">0</subfield>
    <subfield code="1">0</subfield>
    <subfield code="2">lcc</subfield>
    <subfield code="4">0</subfield>
    <subfield code="7">0</subfield>
    <subfield code="a">PHNS</subfield>
    <subfield code="b">PHNS</subfield>
    <subfield code="c">GEN</subfield>
    <subfield code="d">2021-02-19</subfield>
    <subfield code="l">0</subfield>
    <subfield code="o">RT73.R26</subfield>
    <subfield code="p">00780</subfield>
    <subfield code="r">2021-02-19 00:00:00</subfield>
    <subfield code="t">c.1</subfield>
    <subfield code="w">2021-02-19</subfield>
    <subfield code="y">BK</subfield>
    <subfield code="z">kd 19/02/21</subfield>
  </datafield>
  <datafield tag="952" ind1=" " ind2=" ">
    <subfield code="0">0</subfield>
    <subfield code="1">0</subfield>
    <subfield code="2">lcc</subfield>
    <subfield code="4">0</subfield>
    <subfield code="7">0</subfield>
    <subfield code="a">PHNS</subfield>
    <subfield code="b">PHNS</subfield>
    <subfield code="c">GEN</subfield>
    <subfield code="d">2021-02-19</subfield>
    <subfield code="l">0</subfield>
    <subfield code="o">RT73.R26</subfield>
    <subfield code="p">00781</subfield>
    <subfield code="r">2021-02-19 00:00:00</subfield>
    <subfield code="t">c.2</subfield>
    <subfield code="w">2021-02-19</subfield>
    <subfield code="y">BK</subfield>
    <subfield code="z">kd 19/02/21</subfield>
  </datafield>
  <datafield tag="952" ind1=" " ind2=" ">
    <subfield code="0">0</subfield>
    <subfield code="1">0</subfield>
    <subfield code="2">lcc</subfield>
    <subfield code="4">0</subfield>
    <subfield code="7">0</subfield>
    <subfield code="a">PHNS</subfield>
    <subfield code="b">PHNS</subfield>
    <subfield code="c">GEN</subfield>
    <subfield code="d">2021-02-19</subfield>
    <subfield code="l">0</subfield>
    <subfield code="o">RT73.R26</subfield>
    <subfield code="p">00782</subfield>
    <subfield code="r">2021-02-19 00:00:00</subfield>
    <subfield code="t">c.3</subfield>
    <subfield code="w">2021-02-19</subfield>
    <subfield code="y">BK</subfield>
    <subfield code="z">kd 19/02/21</subfield>
  </datafield>
  <datafield tag="952" ind1=" " ind2=" ">
    <subfield code="0">0</subfield>
    <subfield code="1">0</subfield>
    <subfield code="2">lcc</subfield>
    <subfield code="4">0</subfield>
    <subfield code="7">0</subfield>
    <subfield code="a">PHNS</subfield>
    <subfield code="b">PHNS</subfield>
    <subfield code="c">GEN</subfield>
    <subfield code="d">2021-02-19</subfield>
    <subfield code="l">0</subfield>
    <subfield code="o">RT73.R26</subfield>
    <subfield code="p">00783</subfield>
    <subfield code="r">2021-02-19 00:00:00</subfield>
    <subfield code="t">c.4</subfield>
    <subfield code="w">2021-02-19</subfield>
    <subfield code="y">BK</subfield>
    <subfield code="z">kd 19/02/21</subfield>
  </datafield>
</record>
